<?xml version="1.0" encoding="UTF-8"?>
<record
    xmlns:xsi="http://www.w3.org/2001/XMLSchema-instance"
    xsi:schemaLocation="http://www.loc.gov/MARC21/slim http://www.loc.gov/standards/marcxml/schema/MARC21slim.xsd"
    xmlns="http://www.loc.gov/MARC21/slim">

  <leader>01491nam2a2200253   4500</leader>
  <controlfield tag="001">rc\1126111</controlfield>
  <controlfield tag="005">20250622214907.0</controlfield>
  <datafield tag="035" ind1=" " ind2=" ">
    <subfield code="a">(NLR Aleph) 006434384</subfield>
  </datafield>
  <datafield tag="090" ind1=" " ind2=" ">
    <subfield code="a">5578820</subfield>
    <subfield code="c">5578820</subfield>
  </datafield>
  <datafield tag="100" ind1=" " ind2=" ">
    <subfield code="a">20041126d1981    |||y0rusy50      ca</subfield>
  </datafield>
  <datafield tag="101" ind1="0" ind2=" ">
    <subfield code="a">rus</subfield>
  </datafield>
  <datafield tag="102" ind1=" " ind2=" ">
    <subfield code="a">RU</subfield>
  </datafield>
  <datafield tag="105" ind1=" " ind2=" ">
    <subfield code="a">y   |||||||||</subfield>
  </datafield>
  <datafield tag="200" ind1="0" ind2=" ">
    <subfield code="a">&#x437;&#x430; 1980 &#x433;.</subfield>
    <subfield code="f">[&#x421;&#x43E;&#x441;&#x442;&#x430;&#x432;&#x438;&#x442;&#x435;&#x43B;&#x438; &#x417;.&#x410;. &#x41A;&#x43E;&#x43D;&#x441;&#x442;&#x430;&#x43D;&#x442;&#x438;&#x43D;&#x43E;&#x432;&#x430;, &#x414;.&#x41C;. &#x417;&#x43C;&#x438;&#x435;&#x432;]</subfield>
  </datafield>
  <datafield tag="210" ind1=" " ind2=" ">
    <subfield code="d">1981</subfield>
    <subfield code="a">&#x411;. &#x43C;.</subfield>
  </datafield>
  <datafield tag="215" ind1=" " ind2=" ">
    <subfield code="a">72 &#x441;.</subfield>
  </datafield>
  <datafield tag="461" ind1=" " ind2="0">
    <subfield code="1">001rc\250692</subfield>
    <subfield code="1">2001#$a&#x41F;&#x440;&#x43E;&#x43C;&#x44B;&#x448;&#x43B;&#x435;&#x43D;&#x43D;&#x44B;&#x435; &#x440;&#x43E;&#x431;&#x43E;&#x442;&#x44B;$e(&#x410;&#x432;&#x442;&#x43E;&#x43C;&#x430;&#x442;. &#x43C;&#x430;&#x43D;&#x438;&#x43F;&#x443;&#x43B;&#x44F;&#x442;&#x43E;&#x440;&#x44B; &#x441; &#x43F;&#x440;&#x43E;&#x433;&#x440;. &#x443;&#x43F;&#x440;&#x430;&#x432;&#x43B;&#x435;&#x43D;&#x438;&#x435;&#x43C;)$e&#x420;&#x435;&#x442;&#x440;&#x43E;&#x441;&#x43F;. &#x431;&#x438;&#x431;&#x43B;&#x438;&#x43E;&#x433;&#x440;. &#x443;&#x43A;&#x430;&#x437;. &#x43E;&#x442;&#x435;&#x447;. &#x438; &#x438;&#x43D;&#x43E;&#x441;&#x442;&#x440;. &#x43B;&#x438;&#x442;...$f&#x41C;-&#x432;&#x43E; &#x441;&#x442;&#x430;&#x43D;&#x43A;&#x43E;&#x441;&#x442;&#x440;&#x43E;&#x438;&#x442;. &#x438; &#x438;&#x43D;&#x441;&#x442;&#x440;&#x443;&#x43C;. &#x43F;&#x440;&#x43E;&#x43C;-&#x441;&#x442;&#x438; &#x421;&#x421;&#x421;&#x420;$g&#x426;&#x435;&#x43D;&#x442;&#x440;. &#x43D;&#x430;&#x443;&#x447;.-&#x442;&#x435;&#x445;&#x43D;. &#x431;-&#x43A;&#x430;$v&#x437;&#x430; 1980 &#x433;.</subfield>
    <subfield code="9">6553415</subfield>
    <subfield code="c">&#x41C;.</subfield>
    <subfield code="d">1990</subfield>
    <subfield code="f">&#x41C;-&#x432;&#x43E; &#x441;&#x442;&#x430;&#x43D;&#x43A;&#x43E;&#x441;&#x442;&#x440;&#x43E;&#x438;&#x442;. &#x438; &#x438;&#x43D;&#x441;&#x442;&#x440;&#x443;&#x43C;. &#x43F;&#x440;&#x43E;&#x43C;-&#x441;&#x442;&#x438; &#x421;&#x421;&#x421;&#x420;</subfield>
    <subfield code="n">&#x412;&#x41D;&#x418;&#x418; &#x438;&#x43D;&#x444;&#x43E;&#x440;&#x43C;. &#x438; &#x442;&#x435;&#x445;&#x43D;.-&#x44D;&#x43A;&#x43E;&#x43D;. &#x438;&#x441;&#x441;&#x43B;&#x435;&#x434;. &#x43F;&#x43E; &#x43C;&#x430;&#x448;&#x438;&#x43D;&#x43E;&#x441;&#x442;&#x440;&#x43E;&#x435;&#x43D;&#x438;&#x44E; &#x438; &#x440;&#x43E;&#x431;&#x43E;&#x442;&#x43E;&#x442;&#x435;&#x445;&#x43D;&#x438;&#x43A;&#x435;</subfield>
    <subfield code="o">(&#x410;&#x432;&#x442;&#x43E;&#x43C;&#x430;&#x442;. &#x43C;&#x430;&#x43D;&#x438;&#x43F;&#x443;&#x43B;&#x44F;&#x442;&#x43E;&#x440;&#x44B; &#x441; &#x43F;&#x440;&#x43E;&#x433;&#x440;. &#x443;&#x43F;&#x440;&#x430;&#x432;&#x43B;&#x435;&#x43D;&#x438;&#x435;&#x43C;) : &#x420;&#x435;&#x442;&#x440;&#x43E;&#x441;&#x43F;. &#x431;&#x438;&#x431;&#x43B;&#x438;&#x43E;&#x433;&#x440;. &#x443;&#x43A;&#x430;&#x437;. &#x43E;&#x442;&#x435;&#x447;. &#x438; &#x438;&#x43D;&#x43E;&#x441;&#x442;&#x440;. &#x43B;&#x438;&#x442;...</subfield>
    <subfield code="t">&#x41F;&#x440;&#x43E;&#x43C;&#x44B;&#x448;&#x43B;&#x435;&#x43D;&#x43D;&#x44B;&#x435; &#x440;&#x43E;&#x431;&#x43E;&#x442;&#x44B;</subfield>
    <subfield code="v">&#x437;&#x430; 1980 &#x433;.</subfield>
  </datafield>
  <datafield tag="702" ind1=" " ind2="1">
    <subfield code="a">&#x41A;&#x43E;&#x43D;&#x441;&#x442;&#x430;&#x43D;&#x442;&#x438;&#x43D;&#x43E;&#x432;&#x430;</subfield>
    <subfield code="b">&#x417;.&#x410;.</subfield>
    <subfield code="4">220</subfield>
  </datafield>
  <datafield tag="801" ind1=" " ind2="0">
    <subfield code="a">RU</subfield>
    <subfield code="b">NLR</subfield>
    <subfield code="g">psbo</subfield>
  </datafield>
  <datafield tag="801" ind1=" " ind2="1">
    <subfield code="a">RU</subfield>
    <subfield code="b">ELAR</subfield>
    <subfield code="2">rusmarc</subfield>
  </datafield>
  <datafield tag="852" ind1=" " ind2=" ">
    <subfield code="a">NLR</subfield>
    <subfield code="b">&#x421;</subfield>
    <subfield code="j">&#x41A;-2/670</subfield>
  </datafield>
  <datafield tag="942" ind1=" " ind2=" ">
    <subfield code="c">BOOK</subfield>
  </datafield>
  <datafield tag="980" ind1=" " ind2=" ">
    <subfield code="a">NB</subfield>
  </datafield>
  <datafield tag="995" ind1=" " ind2=" ">
    <subfield code="5">2013-10-26</subfield>
    <subfield code="b">NLR01</subfield>
    <subfield code="c">NLR01</subfield>
    <subfield code="e">CSB</subfield>
    <subfield code="f">1-2093384</subfield>
    <subfield code="k">&#x421; &#x41A;-2/670</subfield>
    <subfield code="o">0</subfield>
    <subfield code="r">BOOK</subfield>
    <subfield code="s">_2670</subfield>
  </datafield>
</record>
